Vancouver sy Lyail pur tak / (Record no. 524193)

000 -LEADER
fixed length control field 00490nam a22001697a 4500
003 - CONTROL NUMBER IDENTIFIER
control field NUST
038 ## - RECORD CONTENT LICENSOR
Staff Name Faiza
082 ## - DEWEY DECIMAL CLASSIFICATION NUMBER
Classification number 910.54914
Author Mark SIK
100 ## - MAIN ENTRY--PERSONAL NAME
Personal name Sikha, Gernail Singh
9 (RLIN) 15009
245 ## - TITLE STATEMENT
Title Vancouver sy Lyail pur tak /
Statement of responsibility, etc. Gernail Singh Sikha
260 ## - PUBLICATION, DISTRIBUTION, ETC.
Place of publication, distribution, etc. Faisalabad :
Name of publisher, distributor, etc. Muhammad Abid,
Date of publication, distribution, etc. 2009.
300 ## - PHYSICAL DESCRIPTION
Extent 146 p. ;
500 ## - GENERAL NOTE
General note Hard cover.
880 ## - ALTERNATE GRAPHIC REPRESENTATION
Linkage 100-02\r
Title جرنیل سنگھ سیکھا
880 ## - ALTERNATE GRAPHIC REPRESENTATION
Linkage 245-02\r
Title وینکوور سے لائل پور تک
942 ## - ADDED ENTRY ELEMENTS (KOHA)
Source of classification or shelving scheme
Koha item type Book
Holdings
Withdrawn status Lost status Source of classification or shelving scheme Damaged status Not for loan Permanent Location Current Location Date acquired Total Checkouts Full call number Barcode Date last seen Price effective from Koha item type
          Central Library (CL) Central Library (CL) 06/18/2019   910.54914 SIK CL-E-1839 06/18/2019 06/18/2019 Book
© 2023 Central Library, National University of Sciences and Technology. All Rights Reserved.